Word Scramble - football teams - Statistics

General Stats
  • This quiz has been taken 19 times
  • The average score is 12 of 20
Answer Stats
Continent Movie % Correct
Europe Ajax
100%
Europe Chelsea
100%
South America Gremio
100%
Europe Inter
100%
Europe Liverpool
100%
Europe Lyon
100%
Europe Milan
100%
Europe Porto
100%
Europe PSG
100%
Europe Roma
100%
South America Santos
100%
South America Sao Paulo
100%
Europe Arsenal
75%
South America Peñarol
75%
Europe Real Madrid
75%
Europe Celtic
67%
Europe Juventus
67%
Europe Manchester United
67%
Europe Atlético Madrid
50%
Europe Barcelona
50%
Europe Benfica
50%
South America Boca Juniors
50%
Europe Manchester City
50%
Europe Napoli
50%
Europe Sparta Praga
50%
Europe Bayern Munich
40%
South America Nacional
25%
Europe Red Star Belgrade
0%
No matching quizzes found
Score Distribution
Percent of People with Each Score
Percentile by Number Answered
Your Score History
You have not taken this quiz